| 000 | 00578nam a22001817a 4500 | ||
|---|---|---|---|
| 005 | 20171101121946.0 | ||
| 010 | _aENG-121116 | ||
| 020 |
_a9788192225494 _c250.00 |
||
| 035 | _aEN-104648 | ||
| 037 | _bDBAD/PUB | ||
| 082 | _a881 | ||
| 100 | _aShetty, Manohar | ||
| 245 |
_aBody language / _cby Manohar Shetty |
||
| 260 |
_aMumbai _bPoetrywala An imprint of paperwala media and publishing _c2012 |
||
| 270 |
_a1701/1702,6A Whispering Palms , Lokhandwala Township, Kandivali(E) _bMumbai _e400101 |
||
| 300 |
_a92p. _c22cm.(pbk) |
||
| 942 |
_2ddc _cEN _h881 _mSHE |
||
| 999 |
_c147067 _d147067 |
||